Football par lettre - R - Statistiques

Statistiques générales
  • Ce quiz a été pris 135 fois
  • Le résultat moyen est 12 sur 20
Statistiques - réponses
Hint Réponse % Correct
Premier adversaire de la France à l'Euro 2016 Roumanie
91%
Footballeur français né à Boulogne sur mer, souvent moqué pour ses fautes de français Franck Ribéry
83%
Capitaine de l'équipe de France féminine Wendie Renard
81%
De son vrai nom, Ronaldo de Assis Moreira Ronaldinho
74%
Buteur espagnol de légende qui a fini sa carrière à Schalke Raul
73%
Gardien français qui est surtout connu pour son passage à Saint Etienne Stephane Ruffier
73%
Style de musique venant du Maghreb ou légende du PSG Rai
65%
Commentateur qui a déclaré : "Après avoir vu ça, on peut mourir tranquille" Thierry Rolland
64%
Region allemande où l'on retrouve les clubs de Schalke 04 et du BVB Dortmund Ruhr
61%
Joueur croate né en Suisse, vainqueur de la LDC et qui finit actuellement sa carrière au Hadjuk Split Ivan Rakitic
59%
Milieu français surnommé "Le Duc" Adrien Rabiot
58%
Club parisien champion de France en 1936 Racing Club de France
56%
Stade qu'on appelait autrefois "Stade de la route de Lorient" Roazhon Park
56%
Numéro 10 argentin formé à Boca Juniors, il est devenu par la suite une légende de Villareal après un échec à Barcelone Juan Roman Riquelme
53%
Club russe qui a révélé Kvicha Kvaratskhelia Rubin Kazan
51%
Ville où s'est déroulée la finale de la CDM 1934 Rome
42%
Lateral droit français passé par Rennes, Lyon et Naples Anthony Réveillère
32%
En français, on appelle ce geste "Coup du Foulard" Rabona
32%
Club battu par le PSG en finale de la C2 en 1996 Rapid Vienne
25%
Club russe qui a participé à la phase de groupe de la LDC pour la première fois de son histoire en 2016 Rostov
23%
Aucun quiz correspondant
Distribution des résultats
% des personnes avec chaque résultat
Percentile par nombre de réponses
Votre historique - résultats
Vous n’avez pas pris ce quiz